British Princesses of the Blood Royal since 1714. (British Royal Family) - Statistics

General Stats
  • This quiz has been taken 1,966 times
  • The average score is 48 of 58
Answer Stats
Title at Birth Birth Death Lineage % Correct
Anne 1709 1759 Daughter of George II
98%
Princess Anne Elizabeth Alice Louise of Edinburgh 1950 -------- Daughter of Queen Elizabeth II
98%
Princess Elizabeth Alexandra Mary of York 1926 -------- Daughter of George VI
98%
Princess Elizabeth Caroline 1741 1759 Granddaughter of George II
98%
Princess Elizabeth Georgiana Adelaide 1820 1821 Granddaughter of George III
98%
The Princess Elizabeth 1770 1840 Daughter of George III
98%
Princess Charlotte Augusta 1796 1817 Daughter of George IV
97%
Princess Charlotte Augusta Louisa 1819 1819 Granddaughter of George III
97%
Princess Charlotte Elizabeth Diana of Cambridge 2015 -------- Great Granddaughter of Queen Elizabeth II
97%
The Princess Charlotte Augusta Matilda 1766 1828 Daughter of George III
97%
Princess Mary 1723 1772 Daughter of George II
96%
Princess Mary Adelaide Wilhemina Elizabeth 1833 1897 Granddaughter of George III
96%
Princess Mary Victoria Alexandra Alice of York 1897 1965 Daughter of George V
96%
The Princess Mary 1776 1857 Daughter of George III
96%
Princess Alexandrina Victoria 1819 1901 Granddaughter of George III
95%
Princess Victoria Alexandra Olga Mary of Wales 1868 1935 Daughter of Edward VII
95%
Princess Victoria Melita 1876 1936 Granddaughter of Queen Victoria
95%
Princess Victoria Patricia Helena Elizabeth 1886 1974 Granddaughter of Queen Victoria
95%
The Princess Victoria Adelaide Mary Louisa 1840 1901 Daughter of Queen Victoria
95%
Princess Beatrice Elizabeth Mary of York 1988 -------- Granddaughter of Queen Elizabeth II
94%
Princess Beatrice Leopoldine Victoria 1884 1966 Granddaughter of Queen Victoria
94%
The Princess Beatrice Mary Victoria Feodore 1857 1944 Daughter of Queen Victoria
94%
Lady Louise Alice Elizabeth Mary 2003 -------- Granddaughter of Queen Elizabeth II
92%
Princess Louise 1724 1751 Daughter of George II
92%
Princess Louise Anne 1749 1768 Granddaughter of George II
92%
Princess Louise Victoria Alexandra Dagmar of Wales 1867 1931 Daughter of Edward VII
92%
Princess Margaret Rose of York 1930 2002 Daughteer of George VI
92%
Princess Margaret Victoria Charlotte Augusta Norah 1882 1920 Granddaughter of Queen Victoria
92%
The Princess Louise Caroline Alberta 1848 1939 Daughter of Queen Victoria
92%
Princess Eugenie Victoria Helena of York 1990 -------- Granddaughter of Queen Elizabeth II
87%
Alexandra Victoria Alberta Edwina Louise 1891 1959 Granddaughter in female line of Edward VII
85%
Princess Alexandra Helen Elizabeth Olga Christabel of Kent 1936 -------- Granddaughter of George V
85%
Princess Alexandra Louise Olga Victoria 1878 1942 Granddaughter of Queen Victoria
85%
Princess Alexandra Marie Louise Olga Elizabeth Theresa Vera 1882 1963 Great-great Granddaughter of George III
85%
Princess Alice Mary Victoria Augusta Pauline 1883 1981 Granddaughter of Queen Victoria
82%
The Princess Alice Maud Mary 1843 1878 Daughter of Queen Victoria
82%
Caroline Elizabeth 1713 1757 Daughter of George II
79%
Princess Caroline Augusta Maria 1774 1775 Great Granddaughter of George II
79%
Princess Caroline Matilda 1751 1775 Granddaughter of George II
79%
Princess Caroline Matilda Helen Louise Augusta Beatrice 1912 1983 Great Granddaughter of Queen Victoria
79%
Princess Sophia Matilda 1773 1834 Great Granddaughter of George II
74%
Sophia Dorothea 1687 1757 Daughter of George I
74%
The Princess Helena Augusta Victoria 1846 1923 Daughter of Queen Victoria
74%
The Princess Sophia Matilda 1777 1848 Daughter of George III
74%
Princess Augusta Caroline Charlotte Elizabeth Mary Sophia Louise 1822 1916 Granddaughter of George III
72%
Princess Augusta Frederica 1737 1813 Granddaughter of George II
72%
The Princess Augusta Sophia 1768 1840 Daughter of George III
72%
Maud Alexandra Victoria Georgina Bertha 1893 1945 Granddaughter in female line of Edward VII
61%
Princess Maud Charlotte Mary Victoria of Wales 1869 1938 Daughter of Edward VII
61%
Princess Marie Alexandra Victoria 1875 1938 Granddaughter of Queen Victoria
58%
Princess Marie Ernestine Josephine Adolphine Henrietta Theresa Elisabeth Alexandrina 1849 1904 Great Granddaughter of George III
58%
Princess Marie Louise Victoria Caroline Amelia Alexandra Augusta Frederica 1879 1948 Great-great Granddaughter of George III
58%
Princess Olga Adelaide Louise Marie Alexandrina Agnes 1884 1958 Great-great Granddaughter of George III
53%
Amelia Sophia Eleanor 1711 1786 Daughter of George II
51%
The Princess Amelia 1783 1810 Daughter of George III
51%
Princess Frederica Louisa Thyra Victoria Margareta Olga Cécilie Isabella Christa 1917 1981 Great-great-great Granddaughter of George III
48%
Princess Frederica Sophie Marie Henrietta Amelia Theresa 1848 1926 Great Granddaughter of George III
48%
Princess Sybilla Calma Maria Alice Bathildis Feodora 1907 1972 Great Granddaughter of Queen Victoria
18%
No matching quizzes found
Score Distribution
Percent of People with Each Score
Percentile by Number Answered
Your Score History
You have not taken this quiz